| 000 | 00907cam a2200241 4500 | ||
|---|---|---|---|
| 001 | 12610 | ||
| 005 | 20230404125642.0 | ||
| 008 | 060907n1996 wau spa | ||
| 035 | _9funglode12710 | ||
| 041 | _aspa | ||
| 050 | 1 | 4 | _aCD F |
| 100 | 1 | _aKaimowitz, David | |
| 245 | 1 | 3 |
_aLa investigación sobre manejo de recursos naturales para fines pruductivos en América Latina / _cDavidKaimowitz |
| 260 |
_aWashington, D.D. : _bBanco Interamericano de Desarrollo, _c1996 |
||
| 300 | _a61 p. | ||
| 500 | _a"Septiembre 1996." | ||
| 504 | _aIncludes bibliographical references (p. 51-57). | ||
| 650 | 0 |
_aRenewable natural resources _zLatin America _xResearch. |
|
| 650 | 0 |
_aRenewable natural resources _zLatin America _xResearch _vCase studies. |
|
| 650 | 0 |
_aAgricultural resources _zLatin America _xResearch. |
|
| 650 | 0 |
_aAgricultural resources _zLatin America _xResearch _vCase studies. |
|
| 942 |
_2lcc _ccd |
||
| 999 |
_c1915 _d1915 |
||